01426nam a22002057a 45000010005000000030006000050050017000110080041000280200018000690400029000870500008001160820010001241000030001342450083001642600052002473000040002995200834003396500018011737000029011919754FISKH20260206092126.0260206b cb ||||| |||| 00| 0 eng d a9781107613812 aFISKHbengcFISKHdFISKH aPZ7 a428.2 aLinse, Caroline eAuthor  aCambridge global English activity book 2 /cCaroline Linse and Elly Schottman  aCambridge :bCambridge University Press ,c2014 a111 pages :billustrations ;c28 cm aCambridge Global English (1-6) is a six-level Primary course following the Cambridge Primary English as a Second Language Curriculum Framework developed by Cambridge English Language Assessment. Activity Book 2 provides additional practice activities to consolidate language skills and content material introduced in Learner's Book 2. Nine units correspond with the topics, texts and language input of Learner's Book 2 with each lesson of the Learner's Book supported by two pages in the Activity Book. Learning is reinforced through activities clearly framed within the 'I can' objectives of the course, opportunities for personalisation and creative work and a higher level of challenge to support differentiation. Each unit in the Activity Book ends with a quiz, offering more in depth assessment for learners. CEFR Level: A1. aActivity book aSchottman, Elly eAuthor